000 00601nam a2200181Ia 4500
003 GCL
008 140319s9999 xx 000 0 ara d
040 _aGCL /
_cGCL
082 0 4 _a320.54
_bق ا
100 1 _aقسطنطين زريق
245 1 0 _aالاعمال الفكرية العامة للدكتور قسطنطين زريق /
_cقسطنطين زريق
490 _aالهيئة العامة للاستعلامات
_v0
650 0 4 _aالسياسة
650 0 4 _aالوحدة العربية
650 0 4 _aالقومية العربية
650 0 4 _aالوعى القومى
942 _2ddc
_cBK
999 _c49281
_d49281